| 000 | 00340nam a2200121Ia 4500 | ||
|---|---|---|---|
| 008 | 171205s9999 xx 000 0 und d | ||
| 020 | _a9780073049212 | ||
| 100 | _aJones, Gareth R. | ||
| 245 |
_cGareth R. Jones, Jennifer M. George _aContemporary Management |
||
| 250 | _a4th ed. | ||
| 260 |
_bMcGraw-Hill/Irwin _c2006 |
||
| 300 | _a780 pages | ||
| 999 |
_c347377 _d347377 |
||